Materials recovery from municipal waste: Unit operations in practice / (Record no. 11094)
[ view plain ]
| 000 -LEADER | |
|---|---|
| fixed length control field | 00555cam a2200181ua 4500 |
| 041 ## - LANGUAGE CODE | |
| Language code of text/sound track or separate title | eng |
| 082 ## - DEWEY DECIMAL CLASSIFICATION NUMBER | |
| Classification number | 604.6 |
| Item number | AIT/MA |
| 100 ## - MAIN ENTRY--AUTHOR NAME | |
| Personal name | Alter, Harvey . |
| 245 ## - TITLE STATEMENT | |
| Title | Materials recovery from municipal waste: Unit operations in practice / |
| 250 ## - EDITION STATEMENT | |
| Edition statement | 1 / |
| 260 ## - PUBLICATION, DISTRIBUTION, ETC. (IMPRINT) | |
| Place of publication | New York : |
| Name of publisher | Marcel Dekker Inc. , |
| Year of publication | 1983. |
| 300 ## - PHYSICAL DESCRIPTION | |
| Number of Pages | 264 ; . |
| 490 0# - SERIES STATEMENT | |
| Series statement | Pollution engineering and technology, |
| Volume number/sequential designation | 24 |
| 942 ## - ADDED ENTRY ELEMENTS (KOHA) | |
| Koha item type | Books |
| Withdrawn status | Lost status | Damaged status | Home library | Current library | Date acquired | Full call number | Accession Number | Koha item type |
|---|---|---|---|---|---|---|---|---|
| KAUAET | KAUAET | 01/11/1988 | 604.6 ALT/MA | 16388 | Books |
